00772nam a22002057a 450000500170000001000150001702000260003203500140005803700090007208200120008110000220009324500680011525000060018326000420018927001140023130000200034594200260036599900190039195201560041020240925151329.0 aENG-141761 a9789359648811c360.00 aEN-125293 bDBAD a796.350 aAtul Kumar971961 aCricket Betting and the Fake ICC World Cup 2023/cBy Atul Kumar a1 aNew DelhibDiamond Pocket Booksc2024 aX- 30, Okhla Industrial Area, Phase-IIbNew Delhie110020mwecare@diamondbooks.ink011-40712100k011-41611861 a141p.c22cm(pb) 2ddccENh796.350mATU c205891d205891 001040708NFICaVPbVPd2024-09-25eDelivery of Books Act Divisiong360.00l0o796.350 ATUpEN-125293r2024-09-25 00:00:00t1v360.00w2024-09-25yEN